=LDR 00000nam 2200000 4500 =001 INLIS000000000035969 =005 20130612141802 =008 ***********************************Ind** =035 ##$$0010-061300000035969 =041 ##$$a Ind =082 ##$$a 650.1 =090 ##$$a 650.1 =100 ##$$a Yanto, dwi =245 ##$$a Quick Rich =260 ##$$a 2009 $b Jogyakarta =300 ##$$a 260 Hlm, 21 cm =850 ##$$a NBPNMAT